000 00996cam a2200373 4500500
005 20260329003823.0
041 _afre
042 _adc
100 1 0 _aTesson, Sylvain
_eauthor
245 0 0 _aPourquoi tout peut arriver
260 _c2017.
500 _a98
690 _aAutonomie
690 _aBrexit
690 _aDeleuze
690 _aDescartes
690 _aDoute
690 _aÉlection présidentielle 2017
690 _aÉvénement
690 _aincertitude
690 _aJaegwon Kim
690 _aJean-Luc Marion
690 _aJérôme Ferrari
690 _aKierkegaard
690 _aPascal
690 _aPhysique quantique
690 _aPierre-Henri Castel
690 _aPolitique
690 _aPrincipe
690 _aSchrödinger
690 _aTrump
786 0 _nPhilosophie magazine | 108 | 4 | 2017-04-01 | p. 28-28 | 1951-1787
856 4 1 _uhttps://shs.cairn.info/magazine-philosophie-magazine-2017-4-page-28?lang=fr&redirect-ssocas=7080
999 _c1828009
_d1828009